Riesgos naturales

I tiakina i:
Ngā taipitopito rārangi puna kōrero
Ngā kaituhi matua: Ayala-Carcedo, Francisco Javier (Author), Olcina Cantos, Jorge (Author)
Hōputu: Pukapuka
Reo:Pāniora
I whakaputaina: Barcelona Ariel 2002
Putanga:1a. ed
Rangatū:Ariel Ciencia
Ngā marau:
Ngā Tūtohu: Tāpirihia he Tūtohu
Kāore He Tūtohu, Me noho koe te mea tuatahi ki te tūtohu i tēnei pūkete!

MARC

LEADER 00000nam a2200000 a 4500
001 UCL2374
003 CL-VaPUC
008 031017e20020000SP |||||||||||||||||spa|d
020 |a 8434480344 
082 0 4 |a 551  |b AYA  |2 21 
100 0 |a Ayala-Carcedo, Francisco Javier  |e author  |9 479469 
700 0 |a Olcina Cantos, Jorge  |e author  |9 479470 
245 1 0 |a Riesgos naturales 
250 |a 1a. ed 
300 |a 1512 p 
942 |c BK 
945 |d 20031017 00:00:00  |a cmena 
260 |a Barcelona  |b Ariel  |c 2002 
650 0 |a Desastres naturales  |9 269276 
650 0 |a Geología   |9 260984 
650 0 |a Geomorfología   |9 261377 
650 0 |a Climatología   |9 262302 
650 0 |a Hidrología  |9 261396 
650 0 |a Prevención de riesgos   |9 387495 
583 |a last modification  |c 20031017 00:00:00  |k Rodrigo Vera 
490 0 |a Ariel Ciencia 
999 |c 305713  |d 305711 
952 |0 0  |1 0  |4 0  |6 551_000000000000000_AYA_2002  |7 0  |8 A  |9 369980  |a BIBING  |b BIBING  |d 2019-11-21  |i 392338K  |o 551 AYA 2002  |p 392338K  |r 2025-01-20  |w 2019-11-21  |y BK  |k GEO 
952 |0 0  |1 0  |4 0  |6 551_000000000000000_AYA_2002  |7 0  |8 CCM  |9 369981  |a BIBCUR  |b BIBCUR  |d 2019-11-21  |i 4759540  |o 551 AYA 2002  |p 4759540  |r 2025-04-22  |w 2019-11-21  |y BK_R  |k CIM